| 000 | 00824nam0a22002531 4500 | ||
|---|---|---|---|
| 001 | rc\2616508 | ||
| 005 | 20250623140550.0 | ||
| 035 | _a(NLR Aleph) 006780252 | ||
| 090 |
_a6036705 _c6036705 |
||
| 100 | _a20110914d1931 |||y0rusy50 ca | ||
| 101 | 0 | _arus | |
| 102 | _aRU | ||
| 105 | _aa z ||||| | ||
| 200 | 1 |
_aПеревозные зерноочистительные установки _fА. Ф. Ешн |
|
| 210 |
_a[Москва] _cСельколхозгиз _d1931 _g18 тип. УПП Огиза |
||
| 215 |
_a48 с. _cил. _d21х14 см. |
||
| 300 | _aБез тит. л. Описано по обложке | ||
| 700 | 1 |
_aЕнш _bА.Ф. _f1901- _gАльфред Федорович |
|
| 801 | 0 |
_aRU _bNLR _gpsbo |
|
| 801 | 1 |
_aRU _bELAR _2rusmarc |
|
| 852 |
_aNLR _j31-10/1772 |
||
| 942 | _cBOOK | ||
| 980 | _aNB | ||